00891nam a22002417a 450000500170000001000130001702000100003003500130004003700160005304000120006908200110008110000190009224501510011126000350026227000610029730000280035865000260038665000190041270000270043194200200045899900190047895201520049720170124110130.0 aA-754430 c00.00 aA-754430 bCen Lib/Ret aDPLbEN aSbSIV aSivdasa931999 aThe five-and-twenty tales of the genie :cby Sivadasa ; translated from sanskrit with an introduction by Chandra RajanbVetālapañćavinsati / aNew DelhibPenguin Booksc1995 a210, Chiranjiv Tower, 43, Nehru PlacebNew Delhie110019 a1xviii,254p. c20cm(Hb) aTales -- India932000 aFolklore97388 aChandra, Rajan 932001 2ddccENhSmSIV c131524d131524 04104070aLbLd2015-07-15eCen Lib/Ret g0.00l0oS SIVpA-754430r2015-07-15 00:00:00t1v0.00w2015-07-15yENzW/d List 8136/21; dtd 21/2/17